000 01096nam a2200277 a 4500
001 000015295
005 20240715140508.0
008 100204s2001 dr a 001 0 spa d
020 _z99934240604
040 _aDO-SdBNP
_bspa
_cBNPHU
082 _a370.7
_bG212c
100 1 _aGarabito, Noris
_934587
245 1 0 _aCiencias de la naturaleza y derechos humanos :
_banálisis y propuestas educativas /
_cNoris Garabito , Ana Jesús Hernández ; edición Raymundo González.
260 _aSanto Domingo :
_bCentro Cultural Poveda,
_c2001.
300 _a93 p. :
_bil. ;
_c28 cm.
490 1 _aCuadernos de Sociedad y Educación
_vv. 14
504 _aIncluye referencias bibliográficas y notas al pie de las páginas
650 4 _aDerechos humanos
_xEnseñanza
_934588
650 4 _aCapacitación docente
_917398
650 4 _aFormación profesional de maestros
_917397
650 4 _aCiencias naturales
_xEnseñanza
_925754
700 1 _aHernández, Ana Jesús
_934589
700 _aGonzález, Raymundo
_eed.
_96373
830 0 _aCuadernos de Sociedad y Educación
_nno. 14
_934590
049 _aBNPD
999 _c14861
_d14861